000 00539nam a2200205 i 4500
001 bgj
100 1 _aSTALL, Katherine.
245 1 0 _aDen of thieves /
_cKatherine Stall.
260 _aNew York :
_bSimon & Schuster,
_ccop. 1987.
300 _a286 pp ;
_c22 cm.
490 1 _aA fireside book
650 9 _aAmerican fiction
_y20th century
830 _aA fireside book
020 _a0671640550 (pbk)
040 _cBPK
041 0 _aeng
920 _a0-671-64055-0 (pbk)
942 _cKS
008 s uk f |000 0 eng
999 _c48037
_d48037
856 _uhttp://koha.tu.koszalin.pl/cgi-bin/koha/opac-detail.pl?biblionumber=48037
_yKatalog online BPK